[Event "Oberliga Ost B 2017 2018"]
[Site "Germany"]
[Date "2018.02.25"]
[Round "8.4"]
[White "Medvedovski, Michael"]
[Black "Mehlhorn, Uwe"]
[Result "1/2-1/2"]
[WhiteElo "2034"]
[BlackElo "2153"]
[PlyCount "261"]
[EventDate "2017.10.22"]
[EventType "team-tourn"]
[EventCountry "GER"]
[WhiteTeam "Frankfurter TV"]
[BlackTeam "Stadtilm SG BW"]
[WhiteTeamCountry "GER"]
[BlackTeamCountry "GER"]

1. e4 d6 2. d4 g6 3. Nc3 Bg7 4. Be3 a6 5. a4 Nd7 6. Bc4 e6 7. Bb3 b6 8. Qd2 Bb7
9. Nge2 Ngf6 10. f3 e5 11. Bh6 Bxh6 12. Qxh6 Qe7 13. dxe5 dxe5 14. O-O Qf8 15.
Qg5 h6 16. Qg3 O-O-O 17. f4 Nh5 18. Qh3 Kb8 19. Rad1 Bc8 20. Qe3 Qg7 21. a5 b5
22. Nd5 f5 23. exf5 gxf5 24. fxe5 Nxe5 25. Nd4 Rhe8 26. Nxf5 Bxf5 27. Rxf5 Nc4
28. Qf2 Qg4 29. Rf1 Re2 30. Qf3 Qxf3 31. R1xf3 Ng7 32. Nc3 Re1+ 33. Kf2 Nxf5
34. Kxe1 Nd4 35. Rf6 Nxa5 36. Rxa6 Naxb3 37. cxb3 c6 38. Kf2 Kb7 39. Ra1 Nxb3
40. Rd1 Rf8+ 41. Ke3 Na5 42. Ke2 Nc4 43. b3 Na5 44. b4 Nc4 45. Rd4 Re8+ 46. Ne4
Kc7 47. Kf3 Rf8+ 48. Kg4 Rg8+ 49. Kf3 Rf8+ 50. Kg3 Ne3 51. Rd3 Nd5 52. Rd4 Ne3
53. Rd3 Rg8+ 54. Kf2 Ng4+ 55. Kf1 Nxh2+ 56. Kg1 Ng4 57. Nc5 Re8 58. Rd7+ Kc8
59. g3 Re1+ 60. Kg2 Re2+ 61. Kf1 Rf2+ 62. Kg1 Rf6 63. Re7 h5 64. Kg2 Nh6 65.
Kh3 Rg6 66. Re5 h4 67. Kxh4 Rd6 68. Kh5 Nf7 69. Re8+ Nd8 70. g4 Rd1 71. g5 Rh1+
72. Kg6 Kc7 73. Re7+ Kc8 74. Kf6 Rf1+ 75. Kg7 Rf4 76. Re4 Rf7+ 77. Kg8 Rf1 78.
g6 Kc7 79. Re7+ Kc8 80. g7 Rf4 81. Re4 Rf1 82. Kh7 Rh1+ 83. Kg6 Rg1+ 84. Kf6
Rf1+ 85. Kg5 Rg1+ 86. Rg4 Nf7+ 87. Kf4 Rf1+ 88. Ke3 Nh6 89. g8=Q+ Nxg8 90.
Rxg8+ Kc7 91. Kd4 Rf4+ 92. Ne4 Rh4 93. Rg7+ Kb6 94. Ke5 Rh1 95. Nc5 Re1+ 96.
Kd4 Rd1+ 97. Ke3 Re1+ 98. Kd2 Rd1+ 99. Ke3 Re1+ 100. Kd4 Rd1+ 101. Nd3 Rh1 102.
Re7 Rh4+ 103. Re4 Rh8 104. Re6 Rh4+ 105. Re4 Rh8 106. Re6 Rh4+ 107. Kc3 Rh3
108. Re7 Rh4 109. Re3 Rc4+ 110. Kb3 Rh4 111. Ne5 Rh5 112. Nd3 Rh4 113. Re6 Rh3
114. Kc3 Rg3 115. Kd4 Rg4+ 116. Re4 Rg8 117. Nc5 Rd8+ 118. Ke5 Rd5+ 119. Ke6
Rd1 120. Ke7 Kc7 121. Ke8 Rd8+ 122. Kf7 Rh8 123. Rd4 Kb6 124. Ke7 Rh7+ 125. Kd6
Rh6+ 126. Ne6 Rh1 127. Kd7 Rh7+ 128. Kc8 Rh8+ 129. Nd8 Rh6 130. Kd7 c5 131.
bxc5+ 1/2-1/2

[Event "Oberliga Ost B 2017 2018"]
[Site "Germany"]
[Date "2018.02.25"]
[Round "8.5"]
[White "George, Tom"]
[Black "Krzesinski, Paul"]
[Result "1-0"]
[WhiteElo "2205"]
[BlackElo "2087"]
[PlyCount "69"]
[EventDate "2017.10.22"]
[EventType "team-tourn"]
[EventCountry "GER"]
[WhiteTeam "Stadtilm SG BW"]
[BlackTeam "Frankfurter TV"]
[WhiteTeamCountry "GER"]
[BlackTeamCountry "GER"]

1. e4 e5 2. Nf3 Nc6 3. Bc4 Nf6 4. d4 exd4 5. O-O Nxe4 6. Re1 d5 7. Bxd5 Qxd5 8.
Nc3 Qh5 9. Nxe4 Be6 10. Bg5 Bd6 11. Nxd6+ cxd6 12. Bf4 Qd5 13. c3 Kd7 14. Qa4
b5 15. Qa6 Rhb8 16. Rad1 Bg4 17. Rd3 Bxf3 18. gxf3 Qf5 19. Re4 Qg6+ 20. Kh1 Rb6
21. Qa3 b4 22. Qa4 bxc3 23. Rexd4 cxb2 24. Rxd6+ Ke8 25. Re3+ Kf8 26. Rxg6
b1=Q+ 27. Rg1 Qf5 28. Bc7 Rb5 29. Qa3+ Kg8 30. Qc3 g6 31. Qxc6 Rc8 32. Re8+
Rxe8 33. Qxe8+ Kg7 34. Qe3 h5 35. Bg3 1-0

[Event "Oberliga Ost B 2017 2018"]
[Site "Germany"]
[Date "2018.02.25"]
[Round "8.6"]
[White "Rutkowski, Ingo"]
[Black "Siebarth, Marco"]
[Result "1-0"]
[WhiteElo "2150"]
[BlackElo "2024"]
[PlyCount "85"]
[EventDate "2017.10.22"]
[EventType "team-tourn"]
[EventCountry "GER"]
[WhiteTeam "Frankfurter TV"]
[BlackTeam "Stadtilm SG BW"]
[WhiteTeamCountry "GER"]
[BlackTeamCountry "GER"]

1. e4 c5 2. Nf3 Nc6 3. Bb5 e6 4. Bxc6 bxc6 5. d3 d6 6. e5 d5 7. c4 Ne7 8. O-O
Nf5 9. Nc3 Be7 10. Re1 O-O 11. b3 Nd4 12. Bb2 Nxf3+ 13. Qxf3 f6 14. Qe2 fxe5
15. Na4 d4 16. Ba3 Qa5 17. Rad1 Bd7 18. Qd2 Qxd2 19. Rxd2 Rf5 20. Rde2 Bd8 21.
Nxc5 Bc8 22. Ne4 Bd7 23. Bd6 Bf6 24. Ng3 Rg5 25. Bxe5 a5 26. f4 Rg4 27. Bxf6
gxf6 28. Rf2 f5 29. Re5 a4 30. b4 a3 31. Ne2 Rb8 32. Nxd4 Rxb4 33. Nb3 Ra4 34.
Rf3 Rg7 35. Kf2 Bc8 36. Rg3 Rxg3 37. Kxg3 Ra7 38. Ra5 Re7 39. Rxa3 e5 40. fxe5
Rxe5 41. Ra8 Re8 42. Nd4 Kf7 43. Nxc6 1-0

[Event "Oberliga Ost B 2017 2018"]
[Site "Germany"]
[Date "2018.02.25"]
[Round "8.7"]
[White "Mann, Jonas"]
[Black "Titsch, Leonhard"]
[Result "1/2-1/2"]
[WhiteElo "1885"]
[BlackElo "1989"]
[PlyCount "42"]
[EventDate "2017.10.22"]
[EventType "team-tourn"]
[EventCountry "GER"]
[WhiteTeam "Stadtilm SG BW"]
[BlackTeam "Frankfurter TV"]
[WhiteTeamCountry "GER"]
[BlackTeamCountry "GER"]

1. c4 c5 2. Nc3 Nc6 3. g3 g6 4. Bg2 Bg7 5. e3 e6 6. Nge2 Nge7 7. d4 cxd4 8.
exd4 d5 9. cxd5 Nxd5 10. Nxd5 exd5 11. O-O O-O 12. h3 Qb6 13. Nc3 Qxd4 14. Nxd5
Be6 15. Qxd4 Nxd4 16. Nc7 Rac8 17. Nxe6 fxe6 18. Bxb7 Ne2+ 19. Kg2 Rxc1 20.
Raxc1 Nxc1 21. Rxc1 Bxb2 1/2-1/2

[Event "Oberliga Ost B 2017 2018"]
[Site "Germany"]
[Date "2018.02.25"]
[Round "8.8"]
[White "Schmidt, Max"]
[Black "Wolf, Philipp"]
[Result "1-0"]
[WhiteElo "1992"]
[BlackElo "1832"]
[PlyCount "77"]
[EventDate "2017.10.22"]
[EventType "team-tourn"]
[EventCountry "GER"]
[WhiteTeam "Frankfurter TV"]
[BlackTeam "Stadtilm SG BW"]
[WhiteTeamCountry "GER"]
[BlackTeamCountry "GER"]

1. e4 c5 2. Nf3 e6 3. Nc3 Nc6 4. g3 Nf6 5. Bg2 Be7 6. O-O d6 7. d4 cxd4 8. Nxd4
Nxd4 9. Qxd4 Bd7 10. a4 Qc7 11. Rd1 h6 12. h3 Bc6 13. Be3 b6 14. Rd2 O-O 15.
Nb5 Bxb5 16. axb5 Rac8 17. Qa4 Ra8 18. c4 e5 19. Qc2 Nd7 20. Bf1 Rfd8 21. b4
Rac8 22. Qa4 Ra8 23. Rda2 Nf6 24. Bd3 Nh7 25. Qb3 Rd7 26. Ra6 Ng5 27. Kg2 Ne6
28. Bxb6 Qb8 29. Be3 Nc7 30. R6a4 Ne6 31. b6 a6 32. Rxa6 Rxa6 33. Rxa6 Rb7 34.
Qa4 Qd8 35. Ra8 Rb8 36. Rxb8 Qxb8 37. Qa7 Qxa7 38. bxa7 Nc7 39. b5 1-0

[Event "Oberliga Ost B 2017 2018"]
[Site "Germany"]
[Date "2018.02.25"]
[Round "8.1"]
[White "Mueller, Maximilian"]
[Black "Matviishen, Viktor"]
[Result "0-1"]
[WhiteElo "2313"]
[BlackElo "2433"]
[PlyCount "58"]
[EventDate "2017.10.22"]
[EventType "team-tourn"]
[EventCountry "GER"]
[WhiteTeam "Gernsheim SK"]
[BlackTeam "Kasseler SK"]
[WhiteTeamCountry "GER"]
[BlackTeamCountry "GER"]

1. e4 e5 2. Nf3 Nc6 3. Nc3 Nf6 4. a3 d5 5. Bb5 Nxe4 6. Qe2 Qd6 7. Nxe4 dxe4 8.
Qxe4 Bd7 9. d3 O-O-O 10. Be3 f5 11. Qc4 a6 12. Bxc6 Bxc6 13. O-O-O Be7 14. d4
e4 15. Ne5 Bd5 16. Qe2 Bf6 17. Qh5 g6 18. Qh6 c5 19. c3 cxd4 20. cxd4 Kb8 21.
Bf4 Ka8 22. Qh3 Be6 23. Kb1 Qd5 24. b3 Qb5 25. Kb2 g5 26. Qh6 Qxb3+ 27. Kc1
Qxa3+ 28. Kd2 Rxd4+ 29. Ke2 Qa2+ 0-1

[Event "Oberliga Ost B 2017 2018"]
[Site "Germany"]
[Date "2018.02.25"]
[Round "8.2"]
[White "Frolov, Artur"]
[Black "Mazurek, Robert"]
[Result "1-0"]
[WhiteElo "2403"]
[BlackElo "2152"]
[PlyCount "57"]
[EventDate "2017.10.22"]
[EventType "team-tourn"]
[EventCountry "GER"]
[WhiteTeam "Kasseler SK"]
[BlackTeam "Gernsheim SK"]
[WhiteTeamCountry "GER"]
[BlackTeamCountry "GER"]

1. d4 d5 2. Nf3 Nf6 3. c4 c6 4. Nc3 dxc4 5. a4 Bg4 6. Ne5 Nbd7 7. Nxg4 Nxg4 8.
e3 Ngf6 9. Bxc4 e6 10. O-O Bb4 11. Qb3 a5 12. Na2 Bd6 13. Qxb7 Rb8 14. Qxc6 Rb6
15. Qf3 Bxh2+ 16. Kxh2 Qc7+ 17. Kg1 Qxc4 18. Qa8+ Rb8 19. Qxa5 O-O 20. Nc3 Rfc8
21. f3 h6 22. Nb5 Qd5 23. Qe1 Nb6 24. e4 Qd7 25. Bf4 Ra8 26. b3 Rc2 27. Rf2
Rac8 28. Rxc2 Rxc2 29. Qd1 1-0

[Event "Oberliga Ost B 2017 2018"]
[Site "Germany"]
[Date "2018.02.25"]
[Round "8.3"]
[White "Peterson, Emery"]
[Black "Hahn, Markus"]
[Result "1-0"]
[WhiteElo "2165"]
[BlackElo "2281"]
[PlyCount "131"]
[EventDate "2017.10.22"]
[EventType "team-tourn"]
[EventCountry "GER"]
[WhiteTeam "Gernsheim SK"]
[BlackTeam "Kasseler SK"]
[WhiteTeamCountry "GER"]
[BlackTeamCountry "GER"]

1. d4 d5 2. Nf3 Nf6 3. e3 Bf5 4. c4 c6 5. Bd3 e6 6. O-O Be7 7. Nc3 Bxd3 8. Qxd3
Nbd7 9. b3 O-O 10. Bb2 Qa5 11. a3 Rfd8 12. Rfd1 Qa6 13. Qf1 dxc4 14. bxc4 Nb6
15. Nd2 c5 16. dxc5 Nbd7 17. Nde4 Nxe4 18. Nxe4 Nxc5 19. Nxc5 Bxc5 20. Qe2 Qa4
21. Bd4 Bxd4 22. exd4 Rac8 23. Rac1 Qxa3 24. h3 Rxd4 25. Rxd4 Qxc1+ 26. Kh2 h6
27. Qe4 Qg5 28. Rd7 Rc5 29. Rxb7 Qe5+ 30. Qxe5 Rxe5 31. Rxa7 Re2 32. Ra8+ Kh7
33. Kg3 Rc2 34. Rc8 g5 35. Kf3 Kg6 36. g3 h5 37. Rc6 Rc1 38. Rc8 Kf6 39. Rc5
Rc2 40. Ke3 Rc1 41. Kf3 Rc3+ 42. Kg2 Kg6 43. Rc8 f6 44. c5 Kf5 45. Rh8 Kg6 46.
Rg8+ Kf7 47. Rh8 Kg7 48. Rxh5 e5 49. g4 Rxc5 50. Kg3 Rc3+ 51. Kg2 Rc8 52. f3
Kg6 53. h4 Re8 54. hxg5 f5 55. Rh6+ Kxg5 56. Rh5+ Kf6 57. Rxf5+ Ke6 58. Kg3 Rh8
59. Rh5 Rf8 60. Rh6+ Kd5 61. Ra6 Rf7 62. g5 Rf5 63. g6 Rg5+ 64. Kh4 Rg1 65. Kh5
Rg3 66. Rf6 1-0

[Event "Oberliga Ost B 2017 2018"]
[Site "Germany"]
[Date "2018.02.25"]
[Round "8.4"]
[White "Kearns, Christopher"]
[Black "Hebbering, Tom Elliot"]
[Result "1-0"]
[WhiteElo "2209"]
[BlackElo "2181"]
[PlyCount "67"]
[EventDate "2017.10.22"]
[EventType "team-tourn"]
[EventCountry "GER"]
[WhiteTeam "Kasseler SK"]
[BlackTeam "Gernsheim SK"]
[WhiteTeamCountry "GER"]
[BlackTeamCountry "GER"]

1. e4 c5 2. Nf3 e6 3. d4 cxd4 4. Nxd4 Nc6 5. Nc3 Qc7 6. g3 a6 7. Bg2 Nf6 8. O-O
Nxd4 9. Qxd4 Bc5 10. Qd3 d6 11. Na4 Ba7 12. b3 Nd7 13. Ba3 Nc5 14. Qc3 e5 15.
Rad1 O-O 16. b4 Ne6 17. Qxc7 Nxc7 18. Rxd6 Nb5 19. Rd3 Be6 20. Bb2 Bc4 21. Rd7
Bxf1 22. Bxf1 Rfd8 23. Rxb7 Rd2 24. Nb6 Bxb6 25. Rxb6 Nd4 26. Bxd4 exd4 27. Bd3
g6 28. Rd6 a5 29. b5 Rd1+ 30. Kg2 Ra1 31. Ra6 Rc8 32. Rxa5 Rc5 33. a4 Kg7 34.
Ra8 1-0

[Event "Oberliga Ost B 2017 2018"]
[Site "Germany"]
[Date "2018.02.25"]
[Round "8.5"]
[White "Nies, Peter"]
[Black "Dovzik, Juri"]
[Result "0-1"]
[WhiteElo "2087"]
[BlackElo "2304"]
[PlyCount "66"]
[EventDate "2017.10.22"]
[EventType "team-tourn"]
[EventCountry "GER"]
[WhiteTeam "Gernsheim SK"]
[BlackTeam "Kasseler SK"]
[WhiteTeamCountry "GER"]
[BlackTeamCountry "GER"]

1. e4 c5 2. Nc3 d6 3. f4 Nc6 4. Nf3 e6 5. Bb5 Nge7 6. O-O a6 7. Bxc6+ Nxc6 8.
d3 Be7 9. Qe1 O-O 10. Qg3 d5 11. e5 f5 12. exf6 Bxf6 13. Ne2 Bd7 14. c3 Ne7 15.
Qf2 b6 16. Ng3 g6 17. Qe2 Qc7 18. Bd2 Rad8 19. Ne5 Nc6 20. Rae1 Bg7 21. Nh1
Nxe5 22. fxe5 Rxf1+ 23. Kxf1 Rf8+ 24. Kg1 Rf5 25. d4 Bb5 26. Qe3 h5 27. Ng3 Rf8
28. Ne2 Qf7 29. g3 Qf5 30. Kg2 Bd3 31. h3 Be4+ 32. Kh2 Bh6 33. Nf4 h4 0-1

[Event "Oberliga Ost B 2017 2018"]
[Site "Germany"]
[Date "2018.02.25"]
[Round "8.6"]
[White "Bunda, Viktor"]
[Black "Neumann, Martin"]
[Result "1-0"]
[WhiteElo "2305"]
[BlackElo "2049"]
[PlyCount "95"]
[EventDate "2017.10.22"]
[EventType "team-tourn"]
[EventCountry "GER"]
[WhiteTeam "Kasseler SK"]
[BlackTeam "Gernsheim SK"]
[WhiteTeamCountry "GER"]
[BlackTeamCountry "GER"]

1. d4 d5 2. c4 c6 3. Nf3 Nf6 4. e3 e6 5. Nc3 Bd6 6. Qc2 O-O 7. b3 Nbd7 8. Bd3
dxc4 9. bxc4 e5 10. O-O Qe7 11. c5 Bc7 12. Bf5 exd4 13. exd4 Rd8 14. g3 Nf8 15.
Bf4 Bxf5 16. Qxf5 Qd7 17. Qxd7 Rxd7 18. Rab1 Ne6 19. Be3 Ng4 20. h3 Nxe3 21.
fxe3 f6 22. Ne4 Bd8 23. Rfc1 Ba5 24. Rb3 Nd8 25. Kf2 Bc7 26. g4 Kf7 27. Rcb1 b5
28. Nfd2 Nb7 29. a4 a6 30. Ra3 Rdd8 31. axb5 cxb5 32. Nc4 g6 33. c6 Nd6 34.
Ncxd6+ Bxd6 35. Rc3 Bc7 36. Nc5 f5 37. Nd7 Ke6 38. Rc5 Bd6 39. Rc2 Ra7 40. Rd1
a5 41. d5+ Ke7 42. gxf5 b4 43. f6+ Kf7 44. e4 b3 45. Rc3 a4 46. e5 Raxd7 47.
e6+ Kxf6 48. exd7 1-0

[Event "Oberliga Ost B 2017 2018"]
[Site "Germany"]
[Date "2018.02.25"]
[Round "8.7"]
[White "Di Capua, Francesco Stefano"]
[Black "Kersten, Uwe"]
[Result "1/2-1/2"]
[WhiteElo "1880"]
[BlackElo "2245"]
[PlyCount "85"]
[EventDate "2017.10.22"]
[EventType "team-tourn"]
[EventCountry "GER"]
[WhiteTeam "Gernsheim SK"]
[BlackTeam "Kasseler SK"]
[WhiteTeamCountry "GER"]
[BlackTeamCountry "GER"]

1. e4 c5 2. Nf3 e6 3. d4 cxd4 4. Nxd4 a6 5. Bd3 Nc6 6. Nxc6 dxc6 7. Be3 e5 8.
Nd2 Be6 9. Nc4 Bxc4 10. Bxc4 Qc7 11. a4 Nf6 12. Qf3 Be7 13. O-O a5 14. Rfd1 O-O
15. Rd2 Rad8 16. Rad1 h6 17. Qh5 Rxd2 18. Rxd2 Rd8 19. Rxd8+ Bxd8 20. g3 Qe7
21. Kg2 Nd7 22. Qg6 Qf6 23. Qg4 Qd6 24. Bxh6 Bf6 25. Be3 Bd8 26. Qf3 Qe7 27.
Bg5 Nf6 28. Qb3 Qc7 29. h4 b6 30. Qd3 Be7 31. Bb3 Nh7 32. Be3 Nf6 33. Qc4 Bb4
34. f3 Bd6 35. Qa6 Nd7 36. Qc4 Nc5 37. Ba2 Qe7 38. Bg5 Qd7 39. Be3 Qe7 40. Kf2
Qc7 41. c3 Bf8 42. Bb3 Qd7 43. Bxc5 1/2-1/2

[Event "Oberliga Ost B 2017 2018"]
[Site "Germany"]
[Date "2018.02.25"]
[Round "8.8"]
[White "Halt, David"]
[Black "Kuehner, Tobias"]
[Result "1-0"]
[WhiteElo "2042"]
[BlackElo "1755"]
[PlyCount "77"]
[EventDate "2017.10.22"]
[EventType "team-tourn"]
[EventCountry "GER"]
[WhiteTeam "Kasseler SK"]
[BlackTeam "Gernsheim SK"]
[WhiteTeamCountry "GER"]
[BlackTeamCountry "GER"]

1. e4 c5 2. Nc3 d6 3. f4 Nc6 4. Nf3 g6 5. Bb5 Bd7 6. a4 Bg7 7. O-O e6 8. Bc4
Nge7 9. d3 Nd4 10. Nb5 Nxb5 11. Bxb5 Nc6 12. c3 a6 13. Bc4 Na5 14. Ba2 b5 15.
f5 Bf6 16. fxe6 Bxe6 17. Bxe6 fxe6 18. axb5 axb5 19. Bh6 Ra7 20. Qe2 Bg7 21.
Bg5 Qd7 22. Be3 O-O 23. e5 Raa8 24. Bf2 Nc6 25. exd6 Qxd6 26. Ng5 Ne5 27. Rad1
Qe7 28. Ne4 Rac8 29. d4 cxd4 30. cxd4 Nc4 31. Nc5 Rfe8 32. Rfe1 e5 33. b3 Nd6
34. dxe5 Qxe5 35. Qd3 Qf4 36. Ne6 Rxe6 37. Rxe6 Nf5 38. Qd7 Rf8 39. Re8 1-0

[Event "Oberliga Ost B 2017 2018"]
[Site "Germany"]
[Date "2018.02.25"]
[Round "8.1"]
[White "Chojnacki, Krzysztof"]
[Black "Lubbe, Melanie"]
[Result "1/2-1/2"]
[WhiteElo "2377"]
[BlackElo "2286"]
[PlyCount "141"]
[EventDate "2017.10.22"]
[EventType "team-tourn"]
[EventCountry "GER"]
[WhiteTeam "Wiesbadener SV"]
[BlackTeam "Neuberg SF"]
[WhiteTeamCountry "GER"]
[BlackTeamCountry "GER"]

1. d4 Nf6 2. c4 g6 3. Nc3 Bg7 4. e4 d6 5. Be2 O-O 6. Nf3 e5 7. Be3 exd4 8. Nxd4
Re8 9. f3 c6 10. Qd2 d5 11. exd5 cxd5 12. Rd1 dxc4 13. O-O Nc6 14. Nxc6 Qxd2
15. Bxd2 bxc6 16. Bxc4 Be6 17. Bxe6 Rxe6 18. Rfe1 Rae8 19. Rxe6 Rxe6 20. Bf4 h5
21. Rd8+ Re8 22. Rxe8+ Nxe8 23. Be3 a6 24. Kf2 f5 25. Ke2 Be5 26. h3 Kf7 27.
Kd3 Ke6 28. Na4 Nc7 29. b3 Kd5 30. Nb6+ Ke6 31. Kc4 Bd6 32. Bd2 Nb5 33. Na4
Na3+ 34. Kd3 Nb5 35. Be3 Kd5 36. Nb6+ Ke6 37. a4 Nc7 38. Kc4 Nd5 39. Nxd5 cxd5+
40. Kd3 Ke5 41. Bd2 Bc5 42. b4 Bb6 43. Bc1 Kd6 44. Be3 Bd8 45. b5 axb5 46. axb5
Bf6 47. Bf2 Bd8 48. Kc3 Ba5+ 49. Kc2 Bd8 50. Kd3 Bf6 51. Bd4 Bd8 52. Kc3 Ba5+
53. Kb3 Bd2 54. Ka4 Be1 55. Kb3 Bd2 56. Kc2 Ba5 57. Kd3 Bd8 58. Ba7 Bf6 59. Ke3
Bg5+ 60. Kd4 Bf6+ 61. Kd3 Bd8 62. Bg1 Bf6 63. Be3 Bd8 64. Bd4 Bh4 65. g4 hxg4
66. hxg4 fxg4 67. fxg4 Bd8 68. Ke3 Bg5+ 69. Kf3 Bd2 70. Ke2 Bg5 71. Kd3 1/2-1/2

[Event "Oberliga Ost B 2017 2018"]
[Site "Germany"]
[Date "2018.02.25"]
[Round "8.2"]
[White "Lutz, Klaus Juergen"]
[Black "Dubkov, Andrej"]
[Result "0-1"]
[WhiteElo "2258"]
[BlackElo "2328"]
[PlyCount "72"]
[EventDate "2017.10.22"]
[EventType "team-tourn"]
[EventCountry "GER"]
[WhiteTeam "Neuberg SF"]
[BlackTeam "Wiesbadener SV"]
[WhiteTeamCountry "GER"]
[BlackTeamCountry "GER"]

1. e4 c5 2. a3 g6 3. h4 h5 4. Nc3 Bg7 5. d3 Nc6 6. Be3 d6 7. Qd2 Nf6 8. Be2 d5
9. exd5 Nd4 10. Rb1 Nxd5 11. Nxd5 Qxd5 12. Bf1 Bd7 13. Ne2 Nxe2 14. c4 Qc6 15.
Qxe2 O-O 16. f3 Rfd8 17. Rg1 Bf6 18. Qf2 Bf5 19. Rd1 Rd4 20. g4 hxg4 21. fxg4
Bxg4 22. Bg2 Qe6 23. Bd5 Qe5 24. Kd2 Rxd5 25. cxd5 Qxb2+ 26. Ke1 Bxh4 27. Rxg4
Bxf2+ 28. Bxf2 Rd8 29. Re4 Rxd5 30. Rxe7 Re5+ 31. Rxe5 Qxe5+ 32. Kf1 Qd5 33. d4
f6 34. Ke2 c4 35. a4 Qe4+ 36. Kf1 c3 0-1

[Event "Oberliga Ost B 2017 2018"]
[Site "Germany"]
[Date "2018.02.25"]
[Round "8.3"]
[White "Gottschalk, Jens"]
[Black "Seifert, Christopher"]
[Result "1/2-1/2"]
[WhiteElo "2268"]
[BlackElo "2290"]
[PlyCount "21"]
[EventDate "2017.10.22"]
[EventType "team-tourn"]
[EventCountry "GER"]
[WhiteTeam "Wiesbadener SV"]
[BlackTeam "Neuberg SF"]
[WhiteTeamCountry "GER"]
[BlackTeamCountry "GER"]

1. d4 Nf6 2. c4 c5 3. d5 e6 4. Nc3 exd5 5. cxd5 d6 6. g3 g6 7. Bg2 Bg7 8. Nf3
O-O 9. O-O Na6 10. h3 Nc7 11. a4 1/2-1/2

[Event "Oberliga Ost B 2017 2018"]
[Site "Germany"]
[Date "2018.02.25"]
[Round "8.5"]
[White "Minor, Samuel"]
[Black "Koller, Jens"]
[Result "1/2-1/2"]
[WhiteElo "2244"]
[BlackElo "2199"]
[PlyCount "60"]
[EventDate "2017.10.22"]
[EventType "team-tourn"]
[EventCountry "GER"]
[WhiteTeam "Wiesbadener SV"]
[BlackTeam "Neuberg SF"]
[WhiteTeamCountry "GER"]
[BlackTeamCountry "GER"]

1. e4 c5 2. Nf3 e6 3. d4 cxd4 4. Nxd4 Nc6 5. Nc3 a6 6. Nxc6 bxc6 7. Bd3 d5 8.
O-O Nf6 9. Qe2 Be7 10. b3 Qc7 11. Bb2 Bb7 12. Na4 dxe4 13. Bxe4 Nxe4 14. Qxe4
c5 15. Be5 Bxe4 16. Bxc7 Rc8 17. Be5 f6 18. Bf4 Bxc2 19. Rfc1 Bf5 20. Be3 Kf7
21. Bxc5 Bxc5 22. Rxc5 Rhd8 23. h3 Rxc5 24. Nxc5 a5 25. Nb7 Rd5 26. Rc1 Kg6 27.
g4 Bd3 28. Nc5 e5 29. Nxd3 Rxd3 30. Kg2 a4 1/2-1/2

[Event "Oberliga Ost B 2017 2018"]
[Site "Germany"]
[Date "2018.02.25"]
[Round "8.6"]
[White "Schaffer, Hendrik"]
[Black "Nehmert, Ulrich"]
[Result "1/2-1/2"]
[WhiteElo "2236"]
[BlackElo "2276"]
[PlyCount "123"]
[EventDate "2017.10.22"]
[EventType "team-tourn"]
[EventCountry "GER"]
[WhiteTeam "Neuberg SF"]
[BlackTeam "Wiesbadener SV"]
[WhiteTeamCountry "GER"]
[BlackTeamCountry "GER"]

1. d4 Nf6 2. c4 c5 3. d5 b5 4. cxb5 a6 5. bxa6 Bxa6 6. Nc3 d6 7. Nf3 g6 8. g3
Bg7 9. Bg2 O-O 10. O-O Nbd7 11. Rb1 Qa5 12. Bd2 Rfb8 13. h3 Qc7 14. b3 Nb6 15.
Nh4 Ra7 16. Re1 e6 17. dxe6 fxe6 18. Nf3 Nfd5 19. Nxd5 Nxd5 20. Qc2 Bc8 21. a4
Nb4 22. Qe4 e5 23. Qh4 Qe7 24. Qxe7 Rxe7 25. Ng5 Bf5 26. e4 Bc8 27. Bxb4 Rxb4
28. Bf1 Bh6 29. h4 Bxg5 30. hxg5 Be6 31. Red1 Rxb3 32. Rxb3 Bxb3 33. Rxd6 Bxa4
34. Rd8+ Kg7 35. Rc8 h6 36. gxh6+ Kxh6 37. Rxc5 g5 38. Bh3 Bd1 39. Bg2 Kg6 40.
Kf1 Kf6 41. Ke1 Bg4 42. f3 Be6 43. Kd2 Ra7 44. Bf1 Ra2+ 45. Ke3 Ra3+ 46. Bd3
Rb3 47. Rc6 Ra3 48. Kd2 Ke7 49. Rc7+ Kf6 50. g4 Ra4 51. Ke3 Ra3 52. Ke2 Ra2+
53. Ke1 Ra1+ 54. Kf2 Ra2+ 55. Kg3 Rb2 56. Rc6 Ke7 57. Ra6 Rd2 58. Bb5 Rb2 59.
Ra7+ Kf6 60. Bc6 Bc4 61. Bd5 Bf1 62. Ra2 1/2-1/2

[Event "Oberliga Ost B 2017 2018"]
[Site "Germany"]
[Date "2018.02.25"]
[Round "8.7"]
[White "Ungurean, Florin Ioan"]
[Black "Heck, Norbert"]
[Result "1/2-1/2"]
[WhiteElo "1979"]
[BlackElo "2258"]
[PlyCount "52"]
[EventDate "2017.10.22"]
[EventType "team-tourn"]
[EventCountry "GER"]
[WhiteTeam "Wiesbadener SV"]
[BlackTeam "Neuberg SF"]
[WhiteTeamCountry "GER"]
[BlackTeamCountry "GER"]

1. d4 g6 2. Nf3 Bg7 3. Bf4 d6 4. h3 Nd7 5. e3 Ngf6 6. Be2 O-O 7. O-O Ne4 8.
Nbd2 Nxd2 9. Qxd2 e5 10. Bg3 Qe7 11. Bc4 Kh8 12. dxe5 Nxe5 13. Nxe5 dxe5 14. e4
Be6 15. Bxe6 Qxe6 16. Rfd1 Qe7 17. Qd5 c6 18. Qd6 Rfe8 19. Qxe7 Rxe7 20. Rd6 f6
21. f3 Kg8 22. Rad1 Kf7 23. a4 Bf8 24. Bf2 Re6 25. Rd7+ Re7 26. c3 Ke8 1/2-1/2

[Event "Oberliga Ost B 2017 2018"]
[Site "Germany"]
[Date "2018.02.25"]
[Round "8.8"]
[White "Lehnert, Christian"]
[Black "Boehmer, Thomas"]
[Result "1-0"]
[WhiteElo "2152"]
[BlackElo "2032"]
[PlyCount "73"]
[EventDate "2017.10.22"]
[EventType "team-tourn"]
[EventCountry "GER"]
[WhiteTeam "Neuberg SF"]
[BlackTeam "Wiesbadener SV"]
[WhiteTeamCountry "GER"]
[BlackTeamCountry "GER"]

1. d4 Nf6 2. Bf4 e6 3. Nf3 b6 4. e3 Bb7 5. Be2 Be7 6. O-O O-O 7. h3 Ne4 8. Nfd2
Nxd2 9. Nxd2 f5 10. Bf3 Bxf3 11. Qxf3 d5 12. Rac1 c6 13. c4 Bd6 14. Rc2 Bxf4
15. Qxf4 Na6 16. a3 Qd7 17. Nf3 Rac8 18. Rfc1 Qb7 19. Qe5 Qd7 20. Qf4 Rfe8 21.
b4 b5 22. Ne5 Qb7 23. cxd5 cxd5 24. Nc6 Kh8 25. Na5 Rxc2 26. Rxc2 Qd7 27. Rc6
e5 28. dxe5 Nc7 29. Qd4 Ne6 30. Qd3 d4 31. Rd6 Qc8 32. exd4 Qc1+ 33. Kh2 f4 34.
Qf5 Nf8 35. Qf7 Ra8 36. Nc6 Qe1 37. Nd8 1-0

[Event "Oberliga Ost B 2017 2018"]
[Site "Germany"]
[Date "2018.02.25"]
[Round "8.1"]
[White "Konopka, Michal"]
[Black "Strache, Michael"]
[Result "1/2-1/2"]
[WhiteElo "2391"]
[BlackElo "2287"]
[PlyCount "108"]
[EventDate "2017.10.22"]
[EventType "team-tourn"]
[EventCountry "GER"]
[WhiteTeam "Schoeneck SF"]
[BlackTeam "Sangerhausen SV"]
[WhiteTeamCountry "GER"]
[BlackTeamCountry "GER"]

1. d4 f5 2. Nf3 Nf6 3. g3 g6 4. c3 Bg7 5. Qb3 e6 6. Bg2 Nc6 7. O-O O-O 8. Nbd2
Kh8 9. Re1 d5 10. a4 a5 11. Qc2 Bd7 12. b3 Ne4 13. Ba3 Rg8 14. Red1 g5 15. Ne1
Be8 16. e3 Bh5 17. f3 Nd6 18. Nd3 Qf6 19. Re1 e5 20. dxe5 Nxe5 21. Nxe5 Qxe5
22. Bb2 Qe6 23. Rab1 Bg6 24. f4 gxf4 25. exf4 Ne4 26. Nxe4 dxe4 27. c4 Rgd8 28.
g4 Re8 29. gxf5 Qxf5 30. Rbd1 Re7 31. Bc1 c6 32. Be3 Rae8 33. Qf2 Bh5 34. Rd6
Re6 35. Rxe6 Rxe6 36. Bd4 Rg6 37. Bxg7+ Rxg7 38. Kh1 Re7 39. Qd4+ Kg8 40. Rxe4
Rd7 41. Qg1 Rd1 42. Re1 Rxe1 43. Qxe1 Qxf4 44. h3 Qc7 45. c5 Bf7 46. b4 axb4
47. Qxb4 Qe5 48. a5 Qa1+ 49. Kh2 Qe5+ 50. Kg1 Qa1+ 51. Kf2 Qf6+ 52. Kg3 Qe5+
53. Kf2 Qf6+ 54. Kg3 Qe5+ 1/2-1/2